000 00469nam a22001817a 4500
003 OSt
008 140321b xxu||||| |||| 00| 0 eng d
100 1 _aHooper, R. Malcolm
041 _aeng
245 1 0 _aA historical survey of precancels
260 _aWeston, Mass.
_bCardinal Spellman Philatelic Museum
300 _a109 pages
650 0 _aUnited States
650 0 _aPrecancels
650 0 _aPostal History
650 0 _aPostal Markings
650 0 _aBibliographies
999 _c467
_d467